000 00499nam a2200181Ia 4500
008 100917s9999 xx 000 0 und d
082 _b23998
100 _aपांढरीपांडे विजय
245 _aपत्रांजली
260 _bमेनका प्रकाशन
_c1974
300 _a194
365 _b12
520 _aकथा
630 _aपत्रांजली
650 _aकथा
730 _aपत्रांजली
942 _cBOOK
999 _c629392
_d629389